| 000 | 01362cam a22002294a 4500 | ||
|---|---|---|---|
| 005 | 20250605164235.0 | ||
| 008 | 250528s ||||||||||||||||||||||||d | ||
| 035 | _a21126 | ||
| 020 | _a9781847201225 | ||
| 040 |
_aGR-AtMCL _bgre _dGR-AtMCL _eAACR2 |
||
| 245 | 1 | _aMultinational Enterprises and the Global Economy / Second Edition | |
| 250 | _a2nd | ||
| 260 | _c2008 | ||
| 300 | _a934 | ||
| 520 | _aThe definitive synthesis of the modern literature on the economic aspects of international business. Acknowledgements, Facts and Theory and History, Definitions and Sources of Data, The Leading Inward Investors, The Motives for Foreign Production, Theories of Foreign Investment, Inside the Multinational Enterprise, Entry and Expansion Strategies of MNEs, The Impact of MNE Activity, FDI and Growth and Development, Employment and Human Resource Development, Market Structure and Performance and Business Practices, Linkages and Spillovers and Clustering, Political and Cultural and Social Responsibility Issues, Implications for Policy, Governments and MNE Activity: The Unilateral and Multilateral Response, Looking Ahead, The Future of MNEs in a Global Economy, Notes, References, Index. | ||
| 700 | 1 |
_aDunning H. John _9999 |
|
| 700 | 1 |
_aEdward Elgar _932 |
|
| 700 | 1 |
_aLundan Sarianna M _97156 |
|
| 942 | _cBK | ||
| 999 |
_c6194 _d6194 |
||